Statistiques concernant Paroles de "Marcia baila" (des Rita Mitsouko)

Cliquez ici pour prendre le quiz!

Statistiques générales

  • Ce quiz a été pris 475 fois
  • Le résultat moyen est 238 sur 313

Statistiques - réponses

% Correct
La
99%
l'a
99%
la
99%
Marcia
99%
a
98%
À
98%
à
98%
dans
98%
elle
97%
Elle
97%
ce
96%
danse
96%
qui
96%
c'est
95%
C'est
95%
ta
95%
t'a
95%
as
93%
es
93%
mort
93%
tu
93%
est
91%
de
90%
Le
89%
le
89%
que
89%
et
88%
Et
88%
comme
87%
en
87%
assassinée
85%
Mais
85%
vie
83%
un
82%
des
81%
aussi
80%
Je
80%
quand
80%
Quand
80%
sous
79%
ris
78%
ton
78%
une
77%
bras
76%
pris
76%
toi
76%
aimes
75%
tellement
74%
avec
73%
Avec
73%
Quel
72%
souris
72%
Belle
71%
belle
71%
Du
69%
du
69%
les
69%
me
69%
cancer
67%
ses
66%
donc
65%
sur
65%
impossible
64%
bouche
63%
emmenée
62%
chose
61%
peu
60%
sent
60%
couperets
59%
froid
59%
immense
59%
l'on
59%
chinois
58%
jambes
56%
Maintenant
56%
sensations
56%
ville
54%
Aiguisées
53%
mal
53%
pieds
53%
satin
52%
d'amour
49%
fusée
49%
maigre
49%
tout
49%
polystyrène
47%
rayonne
47%
sauterelle
47%
cendres
46%
Moretto
46%
mouvements
46%
chaleur
45%
danser
45%
donnent
45%
sirène
45%
voir
45%
idées
44%
son
44%
transforme
44%
même
43%
Oh
43%
consummée
42%
excité
42%
expansé
42%
scène
40%
bien
38%
très
38%
consumée
37%
tête
36%
reste
35%
d'épaules
33%
ou
32%
flèches
31%
forte
31%
Deux
30%
pour
30%
inca
29%
hiéroglyphe
27%
l'opéra
26%
visage
26%
inventée
24%
façon
23%
nouvelle
23%
plat
21%
cherché
17%
danseur
17%
flanelle
17%
carton
12%

Distribution des résultats

Percentile par nombre de réponses

% des personnes avec chaque résultat

Votre développement - résultats

Vous n’avez pas pris ce quiz